Animaux à 3 lettres - Quiz d'images - Statistiques

Statistiques générales
  • Ce quiz a été pris 1 199 fois
    1 100 depuis la dernière actualisation
  • Le résultat moyen est 8 sur 9
Statistiques - réponses
Par images Réponse % Correct
Coq
100%
Âne
99%
Rat
99%
Ver
98%
Oie
94%
Pie
88%
Ara
82%
Boa
79%
Yak
71%
Aucun quiz correspondant
Distribution des résultats
% des personnes avec chaque résultat
Percentile par nombre de réponses
Votre historique - résultats
Vous n’avez pas pris ce quiz depuis la dernière actualisation